000
00338nam a2200133Ia 4500
008
151001s9999||||xx |||||||||||||| ||und||
100
_a
मीना - प्रभू
245
_a
चिनीमाती
250
_a
1
260
_b
पुणे प्रकाशन
260
_c
20033
300
_a
163
365
_b
28
999
_c
981221
_d
981218